Bibiana y su mundo
Sábháilte in:
| Príomhchruthaitheoir: | |
|---|---|
| Formáid: | LEABHAR |
| Teanga: | Spáinnis |
| Foilsithe / Cruthaithe: |
Madrid
SM
1987
|
| Eagrán: | 17a. ed |
| Sraith: | El Barco de Vapor
|
| Ábhair: | |
| Clibeanna: |
Cuir clib leis
Níl clibeanna ann, Bí ar an gcéad duine le clib a chur leis an taifead seo!
|
MARC
| LEADER | 00000nam a2200000 a 4500 | ||
|---|---|---|---|
| 001 | UCH7951 | ||
| 003 | CL-VaPUC | ||
| 008 | 091127e19870000SP |||||||||||||||||spa|d | ||
| 020 | |a 843481613X | ||
| 082 | 0 | 4 | |a 863 |b OLA |2 21 |
| 100 | |a Olaizola, José Luis |e autor |9 595446 | ||
| 245 | 1 | 0 | |a Bibiana y su mundo |
| 250 | |a 17a. ed | ||
| 300 | |a 126 p | ||
| 942 | |c BK | ||
| 945 | |d 20091127 00:00:00 |a lazolas | ||
| 260 | |a Madrid |b SM |c 1987 | ||
| 650 | 0 | |a Literatura española |9 306261 | |
| 650 | 0 | |a Novelas españolas |9 265052 | |
| 583 | |a last modification |c 20091127 00:00:00 |k Rodrigo Vera | ||
| 490 | 0 | |a El Barco de Vapor | |
| 999 | |c 338245 |d 338243 | ||